| 000 | 00674nam a2200205Ia 4500 | ||
|---|---|---|---|
| 003 | GCL | ||
| 008 | 140319s9999 xx 000 0 ara d | ||
| 040 |
_aGCL / _cGCL |
||
| 082 | 0 | 4 |
_a413.1 _bس م |
| 100 | 1 | _aابن سيده : ابوالحسن على بن اسماعيل الاندلسى | |
| 245 | 1 | 0 |
_aالمخصص / _cابن سيده : ابوالحسن على بن اسماعيل الاندلسى |
| 260 |
_a[S.N] : _bدار الكتاب الاسلامى |
||
| 490 | _a | ||
| 650 | 0 | 4 | _aالحديث |
| 650 | 0 | 4 | _aالاحكام |
| 650 | 0 | 4 | _aاللغة العربية |
| 650 | 0 | 4 | _aالمعاجم |
| 650 | 0 | 4 | _aالعلوم عند العرب |
| 942 |
_2ddc _cBK |
||
| 999 |
_c35102 _d35102 |
||